000
00237nam a2200097Ia 4500
001
1076112
005
20250827002251.0
008
250824s9999 xx 000 0 und d
245
0
_a
PENCEREDEN
_c
GÜRAY SÜNGÜ
260
_b
KETEBE YAYINLARI
999
_c
1076112
_d
1076112